000 00245nam a22001217a 4500
020 _a978-0-439-83380-6
082 _aMEL/W
245 _aWHAT MAKES THE LIGHT BRIGHT
260 _aUK
_bSCHOLASTIC
300 _a48
650 _aGK
_zUK
942 _cBK
999 _c6273
_d6273